00662nam a2200217Ia 4500008004100000020001800041041000800059082001600067100002000083245006600103260004000169300000800209365001200217650002300229650002800252650001800280700001900298942001200317999001900329952009600348140306s9999 xx 000 0 und d a0 8039 9528 8 aeng a155bSAR/DE aSaraswathi, T S aDevelopmental phychology in India : an annotated bibliography aNew DelhibSage Publicationsc 1987 a327 bRs .250 amental development aPersonality development asocial policy aRanjana, Datha 2ddccBK c182201d182201 00102ddc4070aKAUCBVbKAUCBVg250.00l0o155 SAR/DEr2014-03-22 00:00:00w2014-03-22yBK